LEADER 00963nam0 2200265 450 001 000006205 005 20070213095812.0 100 $a20051220a20052005km-y0itay50------ba 101 0 $aita 102 $aIT 200 1 $aAspetti giuridici e contabili degli strumenti finanziari partecipativi$fMario Turco 210 $a[Roma]$cRIREA$hstampa 2005 215 $a31 p.$d24 cm 225 2 $aQMR(Quaderni Monografici Rirea)$v34 300 $aAllegato alla Rivista italiana di Ragioneria e di Economia Asiendale fasc. 7-8/2005(n. sist. 000001925) 410 0$12001$aQMR(Quaderni Monografici Rirea) 610 1 $aSocietà per Azioni$aFinanziamenti 676 $a658.15$v20 676 $a657$v20 700 1$aTurco,$bMario$0476670 801 0$aIT$bUNIPARTHENOPE$c20051220$gRICA$2UNIMARC 912 $a000006205 951 $aQMR/657/34$b38173$cNAVA1$d2005 996 $aAspetti giuridici e contabili degli strumenti finanziari partecipativi$9999686 997 $aUNIPARTHENOPE